000 00253nam a22000977a 4500
999 _c11279
_d11279
008 190115b ||||| |||| 00| 0 eng d
020 _a9789351772071
100 _aJeff Keller
_97022
245 _aAttitude Everything
260 _aIndia
_bHarper Collins
_c2017